Izolácia fázových variantov Coxiella burnetii a ich charakterizácia

Enregistré dans:
Détails bibliographiques
Auteur principal: Rubalová, Zuzana (Auteur)
Autres auteurs: Škultéty, Ľudovít (Directeur de thèse)
Format: Manuscrit Livre
Langue:slovaque
Publié: 2025
Sujets:
Accès en ligne:http://is.stuba.sk/zp/portal_zp.pl?podrobnosti=192063
Tags: Ajouter un tag
Pas de tags, Soyez le premier à ajouter un tag!

MARC

LEADER 00000ntm a22000003a 4500
001 stuzp105326
003 SK-STU
005 20250628212606.1
007 ta
008 150427s2015----xo-----f-mn---000-0-slo-d
040 |a STU  |b slo 
041 0 |a slo 
100 1 |a Rubalová, Zuzana  |u 043000  |4 aut  |U FCHPT Fakulta chemickej a potravinárskej technológie  |T FCHPT Ústav biochémie a mikrobiológie  |X 110516  |U C3000  |Y 101  |7 110516 
242 0 1 |a Isolation of Coxiella burnetii phase variants and their characterization  |y eng 
245 1 0 |a Izolácia fázových variantov Coxiella burnetii a ich charakterizácia 
260 |c 2025 
650 4 |a Coxiella burnetii  |2 slo 
650 4 |a LPS  |2 slo 
650 4 |a fázová variácia  |2 slo 
650 4 |a Coxiella burnetii  |2 eng 
650 4 |a phase variations  |2 eng 
650 4 |a LPS  |2 eng 
700 1 |a Škultéty, Ľudovít  |4 ths  |X 83086  |7 83086 
856 4 |u http://is.stuba.sk/zp/portal_zp.pl?podrobnosti=192063